01157nam a22002777a 4500003000400000005001700004008004100021040002200062082001800084100002700102245004300129260004700172300001900219366000800238490001300246505011100259505017200370505000900542650004100551650005000592650004400642650004800686650004300734650005500777650004700832OSt20230503163925.0221006b |||||||| |||| 00| 0 eng d cBiblioteca Lado V a709.05bR643f aRoberts, Jameseeditor aFrieze/bContemporary Art And Culture/ bDurian Publications Ltd.aInglaterrac2004 c23x30cma126p. eeng a87v2004 tFRONTaState of the Art Letters Laughter Books Soft Machine Debate Events Another Brick in the wall tMIDDLEaWhat the World Needs Now Mirror, Mirror Molotov Cocktails Anthony Burdin Nina Konnemann Saskia Olde Wolbers Bjorn Dahlem Language Factory Questionnaire tBACK 2Tesauro de Arte & ArquitecturaaARTE 2Tesauro de Arte & ArquitecturaaEXPOSICIONES  2Tesauro de Arte & ArquitecturaaCULTURA 2Tesauro de Arte & ArquitecturaaAPRECIACION 2Tesauro de Arte & ArquitecturaaTEORIA 2Tesauro de Arte & ArquitecturaaARTE CONTEMPORANEO 2Tesauro de Arte & ArquitecturaaINGLATERRA